000 00327nam a22001337a 4500
020 _a9781352012965
082 _a348.02
_bDRU
100 _aDrury, Paul
245 _aCore EU Legislation 2021-2022 /
_cPaul Drury
260 _aLondon:
_bRed Globe Press,
_c2021.
300 _a681 p.
563 _aPB.
942 _2ddc
_cBK
999 _c613787
_d613787